000 00655cam a22002053a 4500
001 45865
003 PGUSA
005 20140828084052.0
008 140602s2014||||xxu|||||s|||||000 | eng d
040 _aPGUSA
_beng
042 _adc
100 1 _aWilliams, P. B.
245 1 4 _aThe Tourist's Guide through the Country of Caernarvon :
_bcontaining a short sketch of its History, Antiquities, &c.
_h[electronic resource] /
_cP. B. Williams
260 _bProject Gutenberg,
_c2014
506 _aPublic domain in the USA.
516 _aElectronic text
830 0 _aProject Gutenberg
_v45865
856 4 0 _uhttp://www.gutenberg.org/ebooks/45865
942 _cEB
999 _c275115
_d275115